| 000 | 00893nam a2200193Ii 4500 | ||
|---|---|---|---|
| 003 | JO-AjNU | ||
| 008 | 230605s9999||||xx |||||||||||||| ||und|| | ||
| 040 |
_aJO-AjNU _bara _erda _cJO-AjNU |
||
| 041 | _aara | ||
| 050 | 1 | 4 | _aHT151 .R3726 1988 |
| 100 | 3 |
_aرشوان، حسين عبد الحميد أحمد ؛ اشراف و مراجعة: عبد الهادي جوهري, _eauthor _952837 |
|
| 245 | 0 | 0 | _aدور المتغيرات الاجتماعية في التنمية الحضرية : دراسة في علم الاجتماع الحضري |
| 264 | 3 | 1 | _aالاسكندرية: المكتب الجامعي الحديث، 1988 |
| 300 |
_a534ص _bيحتوي على ببلوغرافية وجداول من ص 389-534ص |
||
| 336 |
_atext _btxt _2rdacontent |
||
| 337 |
_aunmediated _bn _2rdamedia |
||
| 338 |
_avolume _bnc _2rdacarrier |
||
| 650 | 4 |
_a علم الاجتماع الحضري _952838 |
|
| 999 |
_aA23429 _c26997 _d26997 |
||